Eastern Utah Libraries Catalog: Duchesne, Heber, Roosevelt, & Vernal

Felix Powell, boy dog / (Record no. 399609)

MARC details
000 -LEADER
fixed length control field 02294cam a2200517 i 4500
001 - CONTROL NUMBER
control field on1405900132
003 - CONTROL NUMBER IDENTIFIER
control field OCoLC
005 - DATE AND TIME OF LATEST TRANSACTION
control field 20240821152336.0
008 - FIXED-LENGTH DATA ELEMENTS--GENERAL INFORMATION
fixed length control field 240209s2024 nyua b 000 f eng
010 ## - LIBRARY OF CONGRESS CONTROL NUMBER
LC control number 2024004868
020 ## - INTERNATIONAL STANDARD BOOK NUMBER
International Standard Book Number 9780063337169
Qualifying information hardcover
020 ## - INTERNATIONAL STANDARD BOOK NUMBER
International Standard Book Number 0063337169
Qualifying information hardcover
020 ## - INTERNATIONAL STANDARD BOOK NUMBER
Cancelled/invalid ISBN 9780063337183
Qualifying information electronic book
035 ## - SYSTEM CONTROL NUMBER
System control number (OCoLC)1405900132
Canceled/invalid control number (OCoLC)1443490932
040 ## - CATALOGING SOURCE
Original cataloging agency DLC
Language of cataloging eng
Description conventions rda
Transcribing agency DLC
Modifying agency OCLCO
-- TOH
-- MJ8
-- OCLCO
-- OCO
-- OCLCO
-- JAS
-- IUK
-- ILC
-- OCLCO
-- CHILD
-- YDX
042 ## - AUTHENTICATION CODE
Authentication code pcc
050 00 - LIBRARY OF CONGRESS CALL NUMBER
Classification number PZ7.1.K45
Item number Fe 2024
050 #4 - LIBRARY OF CONGRESS CALL NUMBER
Classification number PS3611.E4464
Item number F45 2024
082 00 - DEWEY DECIMAL CLASSIFICATION NUMBER
Classification number [Fic]
Edition number 23
092 ## - LOCALLY ASSIGNED DEWEY CALL NUMBER (OCLC)
Classification number junior fiction
Item number Kelly
100 1# - MAIN ENTRY--PERSONAL NAME
Personal name Kelly, Erin Entrada,
Relator term author,
-- illustrator.
9 (RLIN) 5747498
245 10 - TITLE STATEMENT
Title Felix Powell, boy dog /
Statement of responsibility, etc by Erin Entrada Kelly.
250 ## - EDITION STATEMENT
Edition statement First edition.
264 #1 - Production, Publication, Distribution, Manufacture, and Copyright Notice.
Place of production, publication, distribution, manufacture New York, NY :
Name of producer, publisher, distributor, manufacturer Greenwillow Books, an imprint of HarperCollins Publishers,
Date of production, publication, distribution, manufacture, or copyr [2024]
300 ## - PHYSICAL DESCRIPTION
Extent 147 pages :
Other physical details illustrations ;
Dimensions 20 cm
336 ## - Content Type
Content type term text
336 ## - Content Type
Content type term still image
337 ## - Media type
Media type term unmediated
338 ## - Carrier type
Carrier type term volume
520 ## - SUMMARY, ETC.
Summary, etc Animal communicator Felix's day takes a bizarre turn when a spell transforms the eight-year-old into a dog.
521 ## - TARGET AUDIENCE NOTE
Target audience note Ages 8-12.
Source Greenwillow Books, an Imprint of HarperCollins Publishers.
521 ## - TARGET AUDIENCE NOTE
Target audience note Grades 2-3.
Source Greenwillow Books, an Imprint of HarperCollins Publishers.
650 #0 - SUBJECT ADDED ENTRY--TOPICAL TERM
Topical term or geographic name as entry element Human-animal communication
Form subdivision Juvenile fiction.
9 (RLIN) 5691270
650 #0 - SUBJECT ADDED ENTRY--TOPICAL TERM
Topical term or geographic name as entry element Magic
Form subdivision Juvenile fiction.
9 (RLIN) 5673690
650 #0 - SUBJECT ADDED ENTRY--TOPICAL TERM
Topical term or geographic name as entry element Dogs
Form subdivision Juvenile fiction.
9 (RLIN) 5674840
650 #1 - SUBJECT ADDED ENTRY--TOPICAL TERM
Topical term or geographic name as entry element Human-animal communication
Form subdivision Fiction.
9 (RLIN) 5683251
650 #1 - SUBJECT ADDED ENTRY--TOPICAL TERM
Topical term or geographic name as entry element Magic
Form subdivision Fiction.
9 (RLIN) 5673694
650 #6 - SUBJECT ADDED ENTRY--TOPICAL TERM
Topical term or geographic name as entry element Communication avec les animaux
Form subdivision Romans, nouvelles, etc. pour la jeunesse.
9 (RLIN) 6492404
650 #6 - SUBJECT ADDED ENTRY--TOPICAL TERM
Topical term or geographic name as entry element Chiens
Form subdivision Romans, nouvelles, etc. pour la jeunesse.
9 (RLIN) 6446973
650 #7 - SUBJECT ADDED ENTRY--TOPICAL TERM
Topical term or geographic name as entry element JUVENILE FICTION / General.
Source of heading or term bisacsh
9 (RLIN) 5674981
655 #1 - INDEX TERM--GENRE/FORM
Genre/form data or focus term Dogs
Form subdivision Fiction.
9 (RLIN) 6492405
655 #7 - INDEX TERM--GENRE/FORM
Genre/form data or focus term Animal fiction.
Source of term lcgft
9 (RLIN) 5748285
655 #7 - INDEX TERM--GENRE/FORM
Genre/form data or focus term Fantasy fiction.
Source of term lcgft
776 08 - ADDITIONAL PHYSICAL FORM ENTRY
Display text Online version:
Main entry heading Kelly, Erin Entrada
Title Felix Powell, boy dog.
Edition First edition
Place, publisher, and date of publication New York : Greenwillow Books, an Imprint of HarperCollins Publishers, 2024
International Standard Book Number 9780063337183
Record control number (DLC) 2024004869
942 ## - ADDED ENTRY ELEMENTS (KOHA)
Source of classification or shelving scheme Dewey Decimal Classification
Koha item type BOOK
Holdings
Withdrawn status Lost status Source of classification or shelving scheme Damaged status Not for loan Collection code Home library Current library Shelving location Date acquired Source of acquisition Total Checkouts Total Renewals Full call number Barcode Date last seen Date checked out Cost, replacement price Price effective from Koha item type
    Dewey Decimal Classification     Junior Fiction Wasatch County Library Wasatch County Library Main Floor Junior Area 08/21/2024 Micromarketing 2 1 J Kelly 34301002128173 04/04/2025 03/12/2025 18.99 08/21/2024 BOOK
This project was made possible through a grant from the Institute of Museum and Library Service administered by the Utah State Library Division.

Wasatch County Library

  • 465 East 1200 South, Heber City, Utah 84032
  • Phone 435-654-1511 | Fax 435-654-6456

Hours

  • Monday - Friday 9:30 AM - 8:00 PM
  • Saturday 9:30 AM - 1:30 PM
  • Closed Sundays and Holidays